| 000 | 00524nam a22002057a 4500 | ||
|---|---|---|---|
| 003 | OSt | ||
| 005 | 20140310183125.0 | ||
| 008 | 130528t xxu||||| |||| 00| 0 eng d | ||
| 020 | _a9716680252 | ||
| 050 |
_aDS 653.7 _b.N336 1997 |
||
| 082 |
_aFIL 920 _bB32 1997 |
||
| 245 |
_aThe Great Filipino Heroes _cBatubalani, A.M. |
||
| 260 |
_aManila _bLoacan Publishing House _cc1997 |
||
| 300 | _a94 p. | ||
| 521 | _acollege students | ||
| 526 | _c1210L-1700L | ||
| 541 | _j1 | ||
| 562 | _e1 | ||
| 942 |
_2lcc _cBK _kFIL |
||
| 999 |
_c19002 _d19002 |
||